000 00600nam a2200181 ar4500
001 4274
005 20221127090912.0
008 150707s xxu 0001f eng d
020 _a0811216349 :
_cSR136.00
082 0 4 _a863.64
_bB637 2006
100 1 _aBolano, Roberto.
245 1 0 _aLast evenings on Earth /
_cR. Bolano ; translated from the Spanish by Chris Andrews.
260 _aNew York :
_bNew Directions Books,
_c2006.
300 _a219 p. ;
_c21 cm.
650 4 _aSpanish fiction
_xTranslations into English.
650 4 _aSpanish fiction
_y20th century.
700 0 _aAndrews, Chris,
_etranslator.
999 _c4272
_d4272